Chile y China: cuarenta años de política exterior. Una trayectoria de continuidad y perseverancia

保存先:
書誌詳細
主要な著者: Lee Cheng, Yun Tso (著者), Hongying, Wu (著者)
フォーマット: 図書
言語:スペイン語
出版事項: Santiago RIL 2011
版:1a. ed
主題:
タグ: タグ追加
タグなし, このレコードへの初めてのタグを付けませんか!

MARC

LEADER 00000cam a2200000 a 4500
001 UCF1279
003 CL-VaPUC
008 120629e20110000CL |||||||||||||||||spa|d
020 |a 9789562848244 
082 0 4 |a 327.51083  |b LEE  |2 21 
100 |a Lee Cheng, Yun Tso  |e author  |9 562871 
700 0 |a Hongying, Wu  |e author  |9 562872 
245 1 0 |a Chile y China: cuarenta años de política exterior. Una trayectoria de continuidad y perseverancia 
250 |a 1a. ed 
300 |a 242 P 
942 |c BK 
945 |d 20120629 00:00:00  |a cmena 
260 |a Santiago  |b RIL  |c 2011 
650 0 |a Relaciones Exteriores  |9 255379 
650 0 |a Emigración e inmigración  |9 257711 
650 0 |a Tratados internacionales   |9 256056 
651 7 |a CHILE  |2 CL-VaPUC  |9 562873 
651 0 |a China   |9 257545 
583 |a last modification  |c 20120629 12:35:00  |k Rodrigo Vera 
999 |c 348155  |d 348153 
952 |0 0  |1 0  |4 0  |6 327_510830000000000_LEE_2011  |7 0  |8 A  |9 450061  |a BIBHIS  |b BIBHIS  |d 2019-11-22  |i 4875753  |l 2  |m 1  |o 327.51083 LEE 2011  |p 4875753  |r 2025-01-20  |s 2024-07-01  |w 2019-11-22  |y BK  |k HIS